Statistics for The Famous People Since 70s

Click here to take the quiz!

General Stats

  • This quiz has been taken 70 times
  • The average score is 8 of 10

Answer Stats

Answer% Correct
Richard Nixon
98%
Cher
93%
Rod Stewart
92%
Stevie Wonder
85%
Henry Kissinger
83%
Goldie Hawn
80%
Marvin Gaye
80%
Alda
70%
Johnny Carson
63%
Kareem Abdul-Jabbar
53%

Score Distribution

Percentile by Number Answered

Percent of People with Each Score

Your Score History

You have not taken this quiz